| 000 | 00752nam a2200193Ia 4500 | ||
|---|---|---|---|
| 008 | 151121s9999||||xx |||||||||||||| ||und|| | ||
| 082 | _a811/ज्ञानेश्व | ||
| 082 | _bHNW-58909 | ||
| 100 | _aज्ञानेश्वरदास | ||
| 245 | _aश्री नामदेव महाराज चरित्र | ||
| 260 | _bभास्कर महाराज जि। अकोला | ||
| 260 | _c-- | ||
| 300 | _a421 | ||
| 600 | _aज्ञानेश्वरदास | ||
| 630 | _aश्री नामदेव महाराज चरित्र | ||
| 700 | _aज्ञानेश्वरदास | ||
| 730 | _aश्री नामदेव महाराज चरित्र | ||
| 942 | _cBOOK | ||
| 999 |
_c1240694 _d1240691 |
||